| 000 | 01066nam a22003377a 4500 | ||
|---|---|---|---|
| 003 | CHAP | ||
| 005 | 20220329135422.0 | ||
| 008 | 971013s1980 r 00010 d | ||
| 010 | _a36129 | ||
| 011 | _a37101 | ||
| 035 | _a41220 | ||
| 040 | _cCHAP | ||
| 082 |
_a301.24 _bO7 |
||
| 100 | 0 | 0 |
_aOrive Riva, Pedro. _983590 |
| 245 | _aDiagnóstico sobre la información | ||
| 260 |
_aMadrid : _bTecnos, _c1980 |
||
| 300 |
_a432 p. _b: ilus. |
||
| 490 | _aCiencias de la comunicación | ||
| 590 |
_aBATCH-UPD _b10 _c20130110 _lUCH01 _h0333 |
||
| 590 |
_aBATCH-UPD _b10 _c20130110 _lUCH01 _h1736 |
||
| 590 |
_aBATCH-UPD _b10 _c20130410 _lUCH01 _h0006 |
||
| 590 |
_aBATCH-UPD _b10 _c20130410 _lUCH01 _h1525 |
||
| 590 |
_aBATCH-UPD _b10 _c20130914 _lUCH01 _h1023 |
||
| 590 |
_aCONVERSION _b10 _c20130109 _lUCH01 _h1320 |
||
| 650 | 1 | 4 |
_aComunicación de masas. _926210 |
| 650 | 1 | 4 |
_aInformación _xTeoría de la. _958078 |
| 830 | 0 |
_aCiencias de la comunicación _923176 |
|
| 901 | _aBK | ||
| 942 | _cLIBRO | ||
| 949 |
_a301.24 O7 _bBC _cLIBRO _d33724000291860 _eLIBRO _h13475 _i41220 _si |
||
| 999 |
_c36129 _d36129 |
||